00224nam a2200097Ia 4500008004100000041000800041100001500049245003400064260000900098999001900107230508s1997 xx 000 0 und d aeng aSEDHA R.S. aA T.B. OF APPLIED ELECTRONICS c1997 c729003d729003